| 000 | 00605nam a22001697a 4500 | ||
|---|---|---|---|
| 005 | 20251108173510.0 | ||
| 008 | 250721s2005 xx 000 0 ara d | ||
| 082 | 1 | 4 | _a616.891/حجا |
| 100 | 1 | _aالحجار، محمد حمدي | |
| 245 | 1 | 0 | _aالوجيز في المدارس الحديثة للعلاج النفسي نظرياتها و تطبيقاتها السريرية / |
| 264 | 1 |
_aعمان : _bدار البشير للنشر و التوزيع، _c2005. |
|
| 300 | _a207 ص. | ||
| 650 | 1 | 7 | _aالعلاج النفسي |
| 650 | 1 | 7 | _aالطب النفسي |
| 942 |
_2ddc _cBK |
||
| 999 |
_c105370 _d105370 |
||